<?xml version="1.0" encoding="UTF-8"?>
<record
    xmlns:xsi="http://www.w3.org/2001/XMLSchema-instance"
    xsi:schemaLocation="http://www.loc.gov/MARC21/slim http://www.loc.gov/standards/marcxml/schema/MARC21slim.xsd"
    xmlns="http://www.loc.gov/MARC21/slim">

  <leader>00855nas a2200253 454500</leader>
  <controlfield tag="001">11720</controlfield>
  <controlfield tag="005">20260407193504.0</controlfield>
  <controlfield tag="008">260407s1976####ag###########|||spa#d</controlfield>
  <controlfield tag="003">AR-UNSa-BCEJYS</controlfield>
  <datafield tag="040" ind1=" " ind2=" ">
    <subfield code="a">AR-UNSa-BCEJYS</subfield>
    <subfield code="b">spa</subfield>
    <subfield code="c">AR-UNSa-BCEJYS</subfield>
  </datafield>
  <datafield tag="080" ind1=" " ind2=" ">
    <subfield code="a">330.43</subfield>
    <subfield code="x">Econometr&#xED;a</subfield>
  </datafield>
  <datafield tag="245" ind1="1" ind2="0">
    <subfield code="a">Journal of econometrics</subfield>
  </datafield>
  <datafield tag="022" ind1=" " ind2=" ">
    <subfield code="a">0304-4076</subfield>
  </datafield>
  <datafield tag="264" ind1=" " ind2="1">
    <subfield code="a">Amsterdam :</subfield>
    <subfield code="b">North Holland</subfield>
    <subfield code="c">1976</subfield>
  </datafield>
  <datafield tag="310" ind1=" " ind2=" ">
    <subfield code="a">Frecuencia: Trimestral
A partir del Vol. 20, N&#xBA; 3 de diciembre de 1982, se incorpora como Dir. T. Amemiya</subfield>
  </datafield>
  <datafield tag="942" ind1=" " ind2=" ">
    <subfield code="c">SER</subfield>
  </datafield>
  <datafield tag="590" ind1=" " ind2=" ">
    <subfield code="a">niveau_biblio:s niveau_hierar:1</subfield>
  </datafield>
  <datafield tag="100" ind1="1" ind2=" ">
    <subfield code="a">Aigner, D.J.</subfield>
  </datafield>
  <datafield tag="700" ind1="1" ind2=" ">
    <subfield code="a">Dhrymes, P.J.</subfield>
  </datafield>
  <datafield tag="700" ind1="1" ind2=" ">
    <subfield code="a">Zellner, Arnold</subfield>
  </datafield>
  <datafield tag="650" ind1=" " ind2=" ">
    <subfield code="a">An&#xE1;lisis matem&#xE1;tico</subfield>
  </datafield>
  <datafield tag="650" ind1=" " ind2=" ">
    <subfield code="a">Econometr&#xED;a</subfield>
  </datafield>
  <datafield tag="856" ind1="4" ind2="1">
    <subfield code="u">https://biblioeco.unsa.edu.ar/pmb/images/revistas/Journal of Econometrics.jpg</subfield>
    <subfield code="y">Imagen de portada</subfield>
    <subfield code="q">image/jpeg</subfield>
  </datafield>
  <datafield tag="999" ind1=" " ind2=" ">
    <subfield code="c">8448</subfield>
    <subfield code="d">8448</subfield>
  </datafield>
  <datafield tag="952" ind1=" " ind2=" ">
    <subfield code="0">0</subfield>
    <subfield code="1">0</subfield>
    <subfield code="4">0</subfield>
    <subfield code="7">0</subfield>
    <subfield code="a">BCEJYS</subfield>
    <subfield code="b">BCEJYS</subfield>
    <subfield code="c">17</subfield>
    <subfield code="d">1983-12-01</subfield>
    <subfield code="h">Vol. 23, N&#xBA; 3 - dic. 1983</subfield>
    <subfield code="l">0</subfield>
    <subfield code="o">H330.43 ECO v23.n3</subfield>
    <subfield code="p">R06181</subfield>
    <subfield code="r">2026-04-10 16:07:16</subfield>
    <subfield code="w">2026-04-10</subfield>
    <subfield code="y">RN</subfield>
  </datafield>
  <datafield tag="952" ind1=" " ind2=" ">
    <subfield code="0">0</subfield>
    <subfield code="1">0</subfield>
    <subfield code="4">0</subfield>
    <subfield code="7">0</subfield>
    <subfield code="a">BCEJYS</subfield>
    <subfield code="b">BCEJYS</subfield>
    <subfield code="c">17</subfield>
    <subfield code="d">1983-10-01</subfield>
    <subfield code="h">Vol. 23, N&#xBA; 2 - oct. 1983</subfield>
    <subfield code="l">0</subfield>
    <subfield code="o">H330.43 ECO v23.n2</subfield>
    <subfield code="p">R06180</subfield>
    <subfield code="r">2026-04-10 16:07:16</subfield>
    <subfield code="w">2026-04-10</subfield>
    <subfield code="y">RN</subfield>
  </datafield>
  <datafield tag="952" ind1=" " ind2=" ">
    <subfield code="0">0</subfield>
    <subfield code="1">0</subfield>
    <subfield code="4">0</subfield>
    <subfield code="7">0</subfield>
    <subfield code="a">BCEJYS</subfield>
    <subfield code="b">BCEJYS</subfield>
    <subfield code="c">17</subfield>
    <subfield code="d">1983-09-01</subfield>
    <subfield code="h">Vol. 23, N&#xBA; 1 - sep. 1983</subfield>
    <subfield code="l">0</subfield>
    <subfield code="o">H330.43 ECO v23.n1</subfield>
    <subfield code="p">R06179</subfield>
    <subfield code="r">2026-04-10 16:07:16</subfield>
    <subfield code="w">2026-04-10</subfield>
    <subfield code="y">RN</subfield>
  </datafield>
  <datafield tag="952" ind1=" " ind2=" ">
    <subfield code="0">0</subfield>
    <subfield code="1">0</subfield>
    <subfield code="4">0</subfield>
    <subfield code="7">0</subfield>
    <subfield code="a">BCEJYS</subfield>
    <subfield code="b">BCEJYS</subfield>
    <subfield code="c">17</subfield>
    <subfield code="d">1983-08-01</subfield>
    <subfield code="h">Vol. 22, N&#xBA; 3 - ago. 1983</subfield>
    <subfield code="l">0</subfield>
    <subfield code="o">H330.43 ECO v22.n3</subfield>
    <subfield code="p">R06178</subfield>
    <subfield code="r">2026-04-10 16:07:16</subfield>
    <subfield code="w">2026-04-10</subfield>
    <subfield code="y">RN</subfield>
  </datafield>
  <datafield tag="952" ind1=" " ind2=" ">
    <subfield code="0">0</subfield>
    <subfield code="1">0</subfield>
    <subfield code="4">0</subfield>
    <subfield code="7">0</subfield>
    <subfield code="a">BCEJYS</subfield>
    <subfield code="b">BCEJYS</subfield>
    <subfield code="c">17</subfield>
    <subfield code="d">1983-05-01</subfield>
    <subfield code="h">Vol. 22, N&#xBA; 1/2 - mayo/jun. 1983</subfield>
    <subfield code="l">0</subfield>
    <subfield code="o">H330.43 ECO v22.n1-2</subfield>
    <subfield code="p">R06177</subfield>
    <subfield code="r">2026-04-10 16:07:16</subfield>
    <subfield code="w">2026-04-10</subfield>
    <subfield code="y">RN</subfield>
  </datafield>
  <datafield tag="952" ind1=" " ind2=" ">
    <subfield code="0">0</subfield>
    <subfield code="1">0</subfield>
    <subfield code="4">0</subfield>
    <subfield code="7">0</subfield>
    <subfield code="a">BCEJYS</subfield>
    <subfield code="b">BCEJYS</subfield>
    <subfield code="c">17</subfield>
    <subfield code="d">1983-04-01</subfield>
    <subfield code="h">Vol. 21, N&#xBA; 3 - abr. 1983</subfield>
    <subfield code="l">0</subfield>
    <subfield code="o">H330.43 ECO v21.n3</subfield>
    <subfield code="p">R06176</subfield>
    <subfield code="r">2026-04-10 16:07:16</subfield>
    <subfield code="w">2026-04-10</subfield>
    <subfield code="y">RN</subfield>
  </datafield>
  <datafield tag="952" ind1=" " ind2=" ">
    <subfield code="0">0</subfield>
    <subfield code="1">0</subfield>
    <subfield code="4">0</subfield>
    <subfield code="7">0</subfield>
    <subfield code="a">BCEJYS</subfield>
    <subfield code="b">BCEJYS</subfield>
    <subfield code="c">17</subfield>
    <subfield code="d">1983-02-01</subfield>
    <subfield code="h">Vol. 21, N&#xBA; 2 - feb. 1983</subfield>
    <subfield code="l">0</subfield>
    <subfield code="o">H330.43 ECO v21.n2</subfield>
    <subfield code="p">R06175</subfield>
    <subfield code="r">2026-04-10 16:07:16</subfield>
    <subfield code="w">2026-04-10</subfield>
    <subfield code="y">RN</subfield>
  </datafield>
  <datafield tag="952" ind1=" " ind2=" ">
    <subfield code="0">0</subfield>
    <subfield code="1">0</subfield>
    <subfield code="4">0</subfield>
    <subfield code="7">0</subfield>
    <subfield code="a">BCEJYS</subfield>
    <subfield code="b">BCEJYS</subfield>
    <subfield code="c">17</subfield>
    <subfield code="d">1983-01-01</subfield>
    <subfield code="h">Vol. 21, N&#xBA; 1 - ene. 1983</subfield>
    <subfield code="l">0</subfield>
    <subfield code="o">H330.43 ECO v21.n1</subfield>
    <subfield code="p">R06174</subfield>
    <subfield code="r">2026-04-10 16:07:16</subfield>
    <subfield code="w">2026-04-10</subfield>
    <subfield code="y">RN</subfield>
  </datafield>
  <datafield tag="952" ind1=" " ind2=" ">
    <subfield code="0">0</subfield>
    <subfield code="1">0</subfield>
    <subfield code="4">0</subfield>
    <subfield code="7">0</subfield>
    <subfield code="a">BCEJYS</subfield>
    <subfield code="b">BCEJYS</subfield>
    <subfield code="c">17</subfield>
    <subfield code="d">1982-12-01</subfield>
    <subfield code="h">Vol. 20, N&#xBA; 3 - dic. 1982</subfield>
    <subfield code="l">0</subfield>
    <subfield code="o">H330.43 ECO v20.n3</subfield>
    <subfield code="p">R06173</subfield>
    <subfield code="r">2026-04-10 16:07:16</subfield>
    <subfield code="w">2026-04-10</subfield>
    <subfield code="y">RN</subfield>
  </datafield>
  <datafield tag="952" ind1=" " ind2=" ">
    <subfield code="0">0</subfield>
    <subfield code="1">0</subfield>
    <subfield code="4">0</subfield>
    <subfield code="7">0</subfield>
    <subfield code="a">BCEJYS</subfield>
    <subfield code="b">BCEJYS</subfield>
    <subfield code="c">17</subfield>
    <subfield code="d">1982-11-01</subfield>
    <subfield code="h">Vol. 20, N&#xBA; 2 - nov. 1982</subfield>
    <subfield code="l">0</subfield>
    <subfield code="o">H330.43 ECO v20.n2</subfield>
    <subfield code="p">R06172</subfield>
    <subfield code="r">2026-04-10 16:07:16</subfield>
    <subfield code="w">2026-04-10</subfield>
    <subfield code="y">RN</subfield>
  </datafield>
  <datafield tag="952" ind1=" " ind2=" ">
    <subfield code="0">0</subfield>
    <subfield code="1">0</subfield>
    <subfield code="4">0</subfield>
    <subfield code="7">0</subfield>
    <subfield code="a">BCEJYS</subfield>
    <subfield code="b">BCEJYS</subfield>
    <subfield code="c">17</subfield>
    <subfield code="d">1982-10-01</subfield>
    <subfield code="h">Vol. 20, N&#xBA; 1 - oct. 1982</subfield>
    <subfield code="l">0</subfield>
    <subfield code="o">H330.43 ECO v20.n1</subfield>
    <subfield code="p">R06171</subfield>
    <subfield code="r">2026-04-10 16:07:16</subfield>
    <subfield code="w">2026-04-10</subfield>
    <subfield code="y">RN</subfield>
  </datafield>
  <datafield tag="952" ind1=" " ind2=" ">
    <subfield code="0">0</subfield>
    <subfield code="1">0</subfield>
    <subfield code="4">0</subfield>
    <subfield code="7">0</subfield>
    <subfield code="a">BCEJYS</subfield>
    <subfield code="b">BCEJYS</subfield>
    <subfield code="c">17</subfield>
    <subfield code="d">1982-08-01</subfield>
    <subfield code="h">Vol. 19, N&#xBA; 2/3 - ago. 1982</subfield>
    <subfield code="l">0</subfield>
    <subfield code="o">H330.43 ECO v19.n2-3</subfield>
    <subfield code="p">R06170</subfield>
    <subfield code="r">2026-04-10 16:07:16</subfield>
    <subfield code="w">2026-04-10</subfield>
    <subfield code="y">RN</subfield>
  </datafield>
  <datafield tag="952" ind1=" " ind2=" ">
    <subfield code="0">0</subfield>
    <subfield code="1">0</subfield>
    <subfield code="4">0</subfield>
    <subfield code="7">0</subfield>
    <subfield code="a">BCEJYS</subfield>
    <subfield code="b">BCEJYS</subfield>
    <subfield code="c">17</subfield>
    <subfield code="d">1982-05-01</subfield>
    <subfield code="h">Vol. 19, N&#xBA; 1 - may. 1982</subfield>
    <subfield code="l">0</subfield>
    <subfield code="o">H330.43 ECO v19.n1</subfield>
    <subfield code="p">R06169</subfield>
    <subfield code="r">2026-04-10 16:07:16</subfield>
    <subfield code="w">2026-04-10</subfield>
    <subfield code="y">RN</subfield>
  </datafield>
  <datafield tag="952" ind1=" " ind2=" ">
    <subfield code="0">0</subfield>
    <subfield code="1">0</subfield>
    <subfield code="4">0</subfield>
    <subfield code="7">0</subfield>
    <subfield code="a">BCEJYS</subfield>
    <subfield code="b">BCEJYS</subfield>
    <subfield code="c">17</subfield>
    <subfield code="d">1982-04-01</subfield>
    <subfield code="h">Vol. 18, N&#xBA; 3 - abr. 1982</subfield>
    <subfield code="l">0</subfield>
    <subfield code="o">H330.43 ECO v18.n3</subfield>
    <subfield code="p">R06168</subfield>
    <subfield code="r">2026-04-10 16:07:16</subfield>
    <subfield code="w">2026-04-10</subfield>
    <subfield code="y">RN</subfield>
  </datafield>
  <datafield tag="952" ind1=" " ind2=" ">
    <subfield code="0">0</subfield>
    <subfield code="1">0</subfield>
    <subfield code="4">0</subfield>
    <subfield code="7">0</subfield>
    <subfield code="a">BCEJYS</subfield>
    <subfield code="b">BCEJYS</subfield>
    <subfield code="c">17</subfield>
    <subfield code="d">1982-02-01</subfield>
    <subfield code="h">Vol. 18, N&#xBA; 2 - feb. 1982</subfield>
    <subfield code="l">0</subfield>
    <subfield code="o">H330.43 ECO v18.n2</subfield>
    <subfield code="p">R06167</subfield>
    <subfield code="r">2026-04-10 16:07:16</subfield>
    <subfield code="w">2026-04-10</subfield>
    <subfield code="y">RN</subfield>
  </datafield>
  <datafield tag="952" ind1=" " ind2=" ">
    <subfield code="0">0</subfield>
    <subfield code="1">0</subfield>
    <subfield code="4">0</subfield>
    <subfield code="7">0</subfield>
    <subfield code="a">BCEJYS</subfield>
    <subfield code="b">BCEJYS</subfield>
    <subfield code="c">17</subfield>
    <subfield code="d">1982-01-01</subfield>
    <subfield code="h">Vol. 18, N&#xBA; 1 - ene. 1982</subfield>
    <subfield code="l">0</subfield>
    <subfield code="o">H330.43 ECO v18.n1</subfield>
    <subfield code="p">R06166</subfield>
    <subfield code="r">2026-04-10 16:07:16</subfield>
    <subfield code="w">2026-04-10</subfield>
    <subfield code="y">RN</subfield>
  </datafield>
  <datafield tag="952" ind1=" " ind2=" ">
    <subfield code="0">0</subfield>
    <subfield code="1">0</subfield>
    <subfield code="4">0</subfield>
    <subfield code="7">0</subfield>
    <subfield code="a">BCEJYS</subfield>
    <subfield code="b">BCEJYS</subfield>
    <subfield code="c">17</subfield>
    <subfield code="d">1981-12-01</subfield>
    <subfield code="h">Vol. 17, N&#xBA; 3 - dic. 1981</subfield>
    <subfield code="l">0</subfield>
    <subfield code="o">H330.43 ECO v17.n3</subfield>
    <subfield code="p">R06165</subfield>
    <subfield code="r">2026-04-10 16:07:16</subfield>
    <subfield code="w">2026-04-10</subfield>
    <subfield code="y">RN</subfield>
  </datafield>
  <datafield tag="952" ind1=" " ind2=" ">
    <subfield code="0">0</subfield>
    <subfield code="1">0</subfield>
    <subfield code="4">0</subfield>
    <subfield code="7">0</subfield>
    <subfield code="a">BCEJYS</subfield>
    <subfield code="b">BCEJYS</subfield>
    <subfield code="c">17</subfield>
    <subfield code="d">1981-11-01</subfield>
    <subfield code="h">Vol. 17, N&#xBA; 2 - nov. 1981</subfield>
    <subfield code="l">0</subfield>
    <subfield code="o">H330.43 ECO v17.n2</subfield>
    <subfield code="p">R06164</subfield>
    <subfield code="r">2026-04-10 16:07:16</subfield>
    <subfield code="w">2026-04-10</subfield>
    <subfield code="y">RN</subfield>
  </datafield>
  <datafield tag="952" ind1=" " ind2=" ">
    <subfield code="0">0</subfield>
    <subfield code="1">0</subfield>
    <subfield code="4">0</subfield>
    <subfield code="7">0</subfield>
    <subfield code="a">BCEJYS</subfield>
    <subfield code="b">BCEJYS</subfield>
    <subfield code="c">17</subfield>
    <subfield code="d">1981-09-01</subfield>
    <subfield code="h">Vol. 17, N&#xBA; 1 - sep. 1981</subfield>
    <subfield code="l">0</subfield>
    <subfield code="o">H330.43 ECO v17.n1</subfield>
    <subfield code="p">R06163</subfield>
    <subfield code="r">2026-04-10 16:07:16</subfield>
    <subfield code="w">2026-04-10</subfield>
    <subfield code="y">RN</subfield>
  </datafield>
  <datafield tag="952" ind1=" " ind2=" ">
    <subfield code="0">0</subfield>
    <subfield code="1">0</subfield>
    <subfield code="4">0</subfield>
    <subfield code="7">0</subfield>
    <subfield code="a">BCEJYS</subfield>
    <subfield code="b">BCEJYS</subfield>
    <subfield code="c">17</subfield>
    <subfield code="d">1981-08-01</subfield>
    <subfield code="h">Vol. 16, N&#xBA; 3 - ago. 1981</subfield>
    <subfield code="l">0</subfield>
    <subfield code="o">H330.43 ECO v16.n3</subfield>
    <subfield code="p">R06162</subfield>
    <subfield code="r">2026-04-10 16:07:16</subfield>
    <subfield code="w">2026-04-10</subfield>
    <subfield code="y">RN</subfield>
  </datafield>
  <datafield tag="952" ind1=" " ind2=" ">
    <subfield code="0">0</subfield>
    <subfield code="1">0</subfield>
    <subfield code="4">0</subfield>
    <subfield code="7">0</subfield>
    <subfield code="a">BCEJYS</subfield>
    <subfield code="b">BCEJYS</subfield>
    <subfield code="c">17</subfield>
    <subfield code="d">1981-06-01</subfield>
    <subfield code="h">Vol. 16, N&#xBA; 2 - jun. 1981</subfield>
    <subfield code="l">0</subfield>
    <subfield code="o">H330.43 ECO v16.n2</subfield>
    <subfield code="p">R06161</subfield>
    <subfield code="r">2026-04-10 16:07:16</subfield>
    <subfield code="w">2026-04-10</subfield>
    <subfield code="y">RN</subfield>
  </datafield>
  <datafield tag="952" ind1=" " ind2=" ">
    <subfield code="0">0</subfield>
    <subfield code="1">0</subfield>
    <subfield code="4">0</subfield>
    <subfield code="7">0</subfield>
    <subfield code="a">BCEJYS</subfield>
    <subfield code="b">BCEJYS</subfield>
    <subfield code="c">17</subfield>
    <subfield code="d">1981-05-01</subfield>
    <subfield code="h">Vol. 16, N&#xBA; 1 - may. 1981</subfield>
    <subfield code="l">0</subfield>
    <subfield code="o">H330.43 ECO v16.n1</subfield>
    <subfield code="p">R06160</subfield>
    <subfield code="r">2026-04-10 16:07:16</subfield>
    <subfield code="w">2026-04-10</subfield>
    <subfield code="y">RN</subfield>
  </datafield>
  <datafield tag="952" ind1=" " ind2=" ">
    <subfield code="0">0</subfield>
    <subfield code="1">0</subfield>
    <subfield code="4">0</subfield>
    <subfield code="7">0</subfield>
    <subfield code="a">BCEJYS</subfield>
    <subfield code="b">BCEJYS</subfield>
    <subfield code="c">17</subfield>
    <subfield code="d">1981-04-01</subfield>
    <subfield code="h">Vol. 15, N&#xBA; 3 - abr. 1981</subfield>
    <subfield code="l">0</subfield>
    <subfield code="o">H330.43 ECO v15.n3</subfield>
    <subfield code="p">R06159</subfield>
    <subfield code="r">2026-04-10 16:07:16</subfield>
    <subfield code="w">2026-04-10</subfield>
    <subfield code="y">RN</subfield>
  </datafield>
  <datafield tag="952" ind1=" " ind2=" ">
    <subfield code="0">0</subfield>
    <subfield code="1">0</subfield>
    <subfield code="4">0</subfield>
    <subfield code="7">0</subfield>
    <subfield code="a">BCEJYS</subfield>
    <subfield code="b">BCEJYS</subfield>
    <subfield code="c">17</subfield>
    <subfield code="d">1981-02-01</subfield>
    <subfield code="h">Vol. 15, N&#xBA; 2 - feb. 1981</subfield>
    <subfield code="l">0</subfield>
    <subfield code="o">H330.43 ECO v15.n2</subfield>
    <subfield code="p">R06158</subfield>
    <subfield code="r">2026-04-10 16:07:16</subfield>
    <subfield code="w">2026-04-10</subfield>
    <subfield code="y">RN</subfield>
  </datafield>
  <datafield tag="952" ind1=" " ind2=" ">
    <subfield code="0">0</subfield>
    <subfield code="1">0</subfield>
    <subfield code="4">0</subfield>
    <subfield code="7">0</subfield>
    <subfield code="a">BCEJYS</subfield>
    <subfield code="b">BCEJYS</subfield>
    <subfield code="c">17</subfield>
    <subfield code="d">1981-01-01</subfield>
    <subfield code="h">Vol. 15, N&#xBA; 1 - ene. 1981</subfield>
    <subfield code="l">0</subfield>
    <subfield code="o">H330.43 ECO v15.n1</subfield>
    <subfield code="p">R06157</subfield>
    <subfield code="r">2026-04-10 16:07:16</subfield>
    <subfield code="w">2026-04-10</subfield>
    <subfield code="y">RN</subfield>
  </datafield>
  <datafield tag="952" ind1=" " ind2=" ">
    <subfield code="0">0</subfield>
    <subfield code="1">0</subfield>
    <subfield code="4">0</subfield>
    <subfield code="7">0</subfield>
    <subfield code="a">BCEJYS</subfield>
    <subfield code="b">BCEJYS</subfield>
    <subfield code="c">17</subfield>
    <subfield code="d">1980-12-01</subfield>
    <subfield code="h">Vol. 14, N&#xBA; 3 - dic. 1980</subfield>
    <subfield code="l">0</subfield>
    <subfield code="o">H330.43 ECO v14.n3</subfield>
    <subfield code="p">R06156</subfield>
    <subfield code="r">2026-04-10 16:07:16</subfield>
    <subfield code="w">2026-04-10</subfield>
    <subfield code="y">RN</subfield>
  </datafield>
  <datafield tag="952" ind1=" " ind2=" ">
    <subfield code="0">0</subfield>
    <subfield code="1">0</subfield>
    <subfield code="4">0</subfield>
    <subfield code="7">0</subfield>
    <subfield code="a">BCEJYS</subfield>
    <subfield code="b">BCEJYS</subfield>
    <subfield code="c">17</subfield>
    <subfield code="d">1980-10-01</subfield>
    <subfield code="h">Vol. 14, N&#xBA; 2 - oct. 1980</subfield>
    <subfield code="l">0</subfield>
    <subfield code="o">H330.43 ECO v14.n2</subfield>
    <subfield code="p">R06155</subfield>
    <subfield code="r">2026-04-10 16:07:16</subfield>
    <subfield code="w">2026-04-10</subfield>
    <subfield code="y">RN</subfield>
  </datafield>
  <datafield tag="952" ind1=" " ind2=" ">
    <subfield code="0">0</subfield>
    <subfield code="1">0</subfield>
    <subfield code="4">0</subfield>
    <subfield code="7">0</subfield>
    <subfield code="a">BCEJYS</subfield>
    <subfield code="b">BCEJYS</subfield>
    <subfield code="c">17</subfield>
    <subfield code="d">1980-09-01</subfield>
    <subfield code="h">Vol. 14, N&#xBA; 1 - sep. 1980</subfield>
    <subfield code="l">0</subfield>
    <subfield code="o">H330.43 ECO v14.n1</subfield>
    <subfield code="p">R06154</subfield>
    <subfield code="r">2026-04-10 16:07:16</subfield>
    <subfield code="w">2026-04-10</subfield>
    <subfield code="y">RN</subfield>
  </datafield>
  <datafield tag="952" ind1=" " ind2=" ">
    <subfield code="0">0</subfield>
    <subfield code="1">0</subfield>
    <subfield code="4">0</subfield>
    <subfield code="7">0</subfield>
    <subfield code="a">BCEJYS</subfield>
    <subfield code="b">BCEJYS</subfield>
    <subfield code="c">17</subfield>
    <subfield code="d">1980-08-01</subfield>
    <subfield code="h">Vol. 13, N&#xBA; 3 - ago. 1980</subfield>
    <subfield code="l">0</subfield>
    <subfield code="o">H330.43 ECO v13.n3</subfield>
    <subfield code="p">R06153</subfield>
    <subfield code="r">2026-04-10 16:07:16</subfield>
    <subfield code="w">2026-04-10</subfield>
    <subfield code="y">RN</subfield>
  </datafield>
  <datafield tag="952" ind1=" " ind2=" ">
    <subfield code="0">0</subfield>
    <subfield code="1">0</subfield>
    <subfield code="4">0</subfield>
    <subfield code="7">0</subfield>
    <subfield code="a">BCEJYS</subfield>
    <subfield code="b">BCEJYS</subfield>
    <subfield code="c">17</subfield>
    <subfield code="d">1980-06-01</subfield>
    <subfield code="h">Vol. 13, N&#xBA; 2 - jun. 1980</subfield>
    <subfield code="l">0</subfield>
    <subfield code="o">H330.43 ECO v13.n2</subfield>
    <subfield code="p">R06152</subfield>
    <subfield code="r">2026-04-10 16:07:16</subfield>
    <subfield code="w">2026-04-10</subfield>
    <subfield code="y">RN</subfield>
  </datafield>
  <datafield tag="952" ind1=" " ind2=" ">
    <subfield code="0">0</subfield>
    <subfield code="1">0</subfield>
    <subfield code="4">0</subfield>
    <subfield code="7">0</subfield>
    <subfield code="a">BCEJYS</subfield>
    <subfield code="b">BCEJYS</subfield>
    <subfield code="c">17</subfield>
    <subfield code="d">1980-05-01</subfield>
    <subfield code="h">Vol. 13, N&#xBA; 1 - may. 1980</subfield>
    <subfield code="l">0</subfield>
    <subfield code="o">H330.43 ECO v13.n1</subfield>
    <subfield code="p">R06151</subfield>
    <subfield code="r">2026-04-10 16:07:16</subfield>
    <subfield code="w">2026-04-10</subfield>
    <subfield code="y">RN</subfield>
  </datafield>
  <datafield tag="952" ind1=" " ind2=" ">
    <subfield code="0">0</subfield>
    <subfield code="1">0</subfield>
    <subfield code="4">0</subfield>
    <subfield code="7">0</subfield>
    <subfield code="a">BCEJYS</subfield>
    <subfield code="b">BCEJYS</subfield>
    <subfield code="c">17</subfield>
    <subfield code="d">1980-04-01</subfield>
    <subfield code="h">Vol. 12, N&#xBA; 3 - abr. 1980</subfield>
    <subfield code="l">0</subfield>
    <subfield code="o">H330.43 ECO v12.n3</subfield>
    <subfield code="p">R06150</subfield>
    <subfield code="r">2026-04-10 16:07:16</subfield>
    <subfield code="w">2026-04-10</subfield>
    <subfield code="y">RN</subfield>
  </datafield>
  <datafield tag="952" ind1=" " ind2=" ">
    <subfield code="0">0</subfield>
    <subfield code="1">0</subfield>
    <subfield code="4">0</subfield>
    <subfield code="7">0</subfield>
    <subfield code="a">BCEJYS</subfield>
    <subfield code="b">BCEJYS</subfield>
    <subfield code="c">17</subfield>
    <subfield code="d">1980-02-01</subfield>
    <subfield code="h">Vol. 12, N&#xBA; 2 - feb. 1980</subfield>
    <subfield code="l">0</subfield>
    <subfield code="o">H330.43 ECO v12.n2</subfield>
    <subfield code="p">R06149</subfield>
    <subfield code="r">2026-04-10 16:07:16</subfield>
    <subfield code="w">2026-04-10</subfield>
    <subfield code="y">RN</subfield>
  </datafield>
  <datafield tag="952" ind1=" " ind2=" ">
    <subfield code="0">0</subfield>
    <subfield code="1">0</subfield>
    <subfield code="4">0</subfield>
    <subfield code="7">0</subfield>
    <subfield code="a">BCEJYS</subfield>
    <subfield code="b">BCEJYS</subfield>
    <subfield code="c">17</subfield>
    <subfield code="d">1980-01-01</subfield>
    <subfield code="h">Vol. 12, N&#xBA; 1 - ene. 1980</subfield>
    <subfield code="l">0</subfield>
    <subfield code="o">H330.43 ECO v12.n1</subfield>
    <subfield code="p">R06148</subfield>
    <subfield code="r">2026-04-10 16:07:16</subfield>
    <subfield code="w">2026-04-10</subfield>
    <subfield code="y">RN</subfield>
  </datafield>
  <datafield tag="952" ind1=" " ind2=" ">
    <subfield code="0">0</subfield>
    <subfield code="1">0</subfield>
    <subfield code="4">0</subfield>
    <subfield code="7">0</subfield>
    <subfield code="a">BCEJYS</subfield>
    <subfield code="b">BCEJYS</subfield>
    <subfield code="c">17</subfield>
    <subfield code="d">1978-12-01</subfield>
    <subfield code="h">Vol. 8, N&#xBA; 3 - dic. 1978</subfield>
    <subfield code="l">0</subfield>
    <subfield code="o">H330.43 ECO v8.n3</subfield>
    <subfield code="p">R06147</subfield>
    <subfield code="r">2026-04-10 16:07:17</subfield>
    <subfield code="w">2026-04-10</subfield>
    <subfield code="y">RN</subfield>
  </datafield>
  <datafield tag="952" ind1=" " ind2=" ">
    <subfield code="0">0</subfield>
    <subfield code="1">0</subfield>
    <subfield code="4">0</subfield>
    <subfield code="7">0</subfield>
    <subfield code="a">BCEJYS</subfield>
    <subfield code="b">BCEJYS</subfield>
    <subfield code="c">17</subfield>
    <subfield code="d">1978-10-01</subfield>
    <subfield code="h">Vol. 8, N&#xBA; 2 - oct. 1978</subfield>
    <subfield code="l">0</subfield>
    <subfield code="o">H330.43 ECO v8.n2</subfield>
    <subfield code="p">R06146</subfield>
    <subfield code="r">2026-04-10 16:07:17</subfield>
    <subfield code="w">2026-04-10</subfield>
    <subfield code="y">RN</subfield>
  </datafield>
  <datafield tag="952" ind1=" " ind2=" ">
    <subfield code="0">0</subfield>
    <subfield code="1">0</subfield>
    <subfield code="4">0</subfield>
    <subfield code="7">0</subfield>
    <subfield code="a">BCEJYS</subfield>
    <subfield code="b">BCEJYS</subfield>
    <subfield code="c">17</subfield>
    <subfield code="d">1978-08-01</subfield>
    <subfield code="h">Vol. 8, N&#xBA; 1 - ago. 1978</subfield>
    <subfield code="l">0</subfield>
    <subfield code="o">H330.43 ECO v8.n1</subfield>
    <subfield code="p">R06145</subfield>
    <subfield code="r">2026-04-10 16:07:17</subfield>
    <subfield code="w">2026-04-10</subfield>
    <subfield code="y">RN</subfield>
  </datafield>
  <datafield tag="952" ind1=" " ind2=" ">
    <subfield code="0">0</subfield>
    <subfield code="1">0</subfield>
    <subfield code="4">0</subfield>
    <subfield code="7">0</subfield>
    <subfield code="a">BCEJYS</subfield>
    <subfield code="b">BCEJYS</subfield>
    <subfield code="c">17</subfield>
    <subfield code="d">1978-06-01</subfield>
    <subfield code="h">Vol. 7, N&#xBA; 3 - jun. 1978</subfield>
    <subfield code="l">0</subfield>
    <subfield code="o">H330.43 ECO v7.n3</subfield>
    <subfield code="p">R06144</subfield>
    <subfield code="r">2026-04-10 16:07:17</subfield>
    <subfield code="w">2026-04-10</subfield>
    <subfield code="y">RN</subfield>
  </datafield>
  <datafield tag="952" ind1=" " ind2=" ">
    <subfield code="0">0</subfield>
    <subfield code="1">0</subfield>
    <subfield code="4">0</subfield>
    <subfield code="7">0</subfield>
    <subfield code="a">BCEJYS</subfield>
    <subfield code="b">BCEJYS</subfield>
    <subfield code="c">17</subfield>
    <subfield code="d">1978-04-01</subfield>
    <subfield code="h">Vol. 7, N&#xBA; 2 - abr. 1978</subfield>
    <subfield code="l">0</subfield>
    <subfield code="o">H330.43 ECO v7.n2</subfield>
    <subfield code="p">R06143</subfield>
    <subfield code="r">2026-04-10 16:07:17</subfield>
    <subfield code="w">2026-04-10</subfield>
    <subfield code="y">RN</subfield>
  </datafield>
  <datafield tag="952" ind1=" " ind2=" ">
    <subfield code="0">0</subfield>
    <subfield code="1">0</subfield>
    <subfield code="4">0</subfield>
    <subfield code="7">0</subfield>
    <subfield code="a">BCEJYS</subfield>
    <subfield code="b">BCEJYS</subfield>
    <subfield code="c">17</subfield>
    <subfield code="d">1978-02-01</subfield>
    <subfield code="h">Vol. 7, N&#xBA; 1 - feb. 1978</subfield>
    <subfield code="l">0</subfield>
    <subfield code="o">H330.43 ECO v7.n1</subfield>
    <subfield code="p">R06142</subfield>
    <subfield code="r">2026-04-10 16:07:17</subfield>
    <subfield code="w">2026-04-10</subfield>
    <subfield code="y">RN</subfield>
  </datafield>
  <datafield tag="952" ind1=" " ind2=" ">
    <subfield code="0">0</subfield>
    <subfield code="1">0</subfield>
    <subfield code="4">0</subfield>
    <subfield code="7">0</subfield>
    <subfield code="a">BCEJYS</subfield>
    <subfield code="b">BCEJYS</subfield>
    <subfield code="c">17</subfield>
    <subfield code="d">1977-11-01</subfield>
    <subfield code="h">Vol. 6, N&#xBA; 3 - nov. 1977</subfield>
    <subfield code="l">0</subfield>
    <subfield code="o">H330.43 ECO v6.n3</subfield>
    <subfield code="p">R06141</subfield>
    <subfield code="r">2026-04-10 16:07:17</subfield>
    <subfield code="w">2026-04-10</subfield>
    <subfield code="y">RN</subfield>
  </datafield>
  <datafield tag="952" ind1=" " ind2=" ">
    <subfield code="0">0</subfield>
    <subfield code="1">0</subfield>
    <subfield code="4">0</subfield>
    <subfield code="7">0</subfield>
    <subfield code="a">BCEJYS</subfield>
    <subfield code="b">BCEJYS</subfield>
    <subfield code="c">17</subfield>
    <subfield code="d">1977-09-01</subfield>
    <subfield code="h">Vol. 6, N&#xBA; 2 - sep. 1977</subfield>
    <subfield code="l">0</subfield>
    <subfield code="o">H330.43 ECO v6.n2</subfield>
    <subfield code="p">R06140</subfield>
    <subfield code="r">2026-04-10 16:07:17</subfield>
    <subfield code="w">2026-04-10</subfield>
    <subfield code="y">RN</subfield>
  </datafield>
  <datafield tag="952" ind1=" " ind2=" ">
    <subfield code="0">0</subfield>
    <subfield code="1">0</subfield>
    <subfield code="4">0</subfield>
    <subfield code="7">0</subfield>
    <subfield code="a">BCEJYS</subfield>
    <subfield code="b">BCEJYS</subfield>
    <subfield code="c">17</subfield>
    <subfield code="d">1977-07-01</subfield>
    <subfield code="h">Vol. 6, N&#xBA; 1 - jul. 1977</subfield>
    <subfield code="l">0</subfield>
    <subfield code="o">H330.43 ECO v6.n1</subfield>
    <subfield code="p">R06139</subfield>
    <subfield code="r">2026-04-10 16:07:17</subfield>
    <subfield code="w">2026-04-10</subfield>
    <subfield code="y">RN</subfield>
  </datafield>
  <datafield tag="952" ind1=" " ind2=" ">
    <subfield code="0">0</subfield>
    <subfield code="1">0</subfield>
    <subfield code="4">0</subfield>
    <subfield code="7">0</subfield>
    <subfield code="a">BCEJYS</subfield>
    <subfield code="b">BCEJYS</subfield>
    <subfield code="c">17</subfield>
    <subfield code="d">1977-05-01</subfield>
    <subfield code="h">Vol. 5, N&#xBA; 3 - may. 1977</subfield>
    <subfield code="l">0</subfield>
    <subfield code="o">H330.43 ECO v5.n3</subfield>
    <subfield code="p">R06138</subfield>
    <subfield code="r">2026-04-10 16:07:17</subfield>
    <subfield code="w">2026-04-10</subfield>
    <subfield code="y">RN</subfield>
  </datafield>
  <datafield tag="952" ind1=" " ind2=" ">
    <subfield code="0">0</subfield>
    <subfield code="1">0</subfield>
    <subfield code="4">0</subfield>
    <subfield code="7">0</subfield>
    <subfield code="a">BCEJYS</subfield>
    <subfield code="b">BCEJYS</subfield>
    <subfield code="c">17</subfield>
    <subfield code="d">1977-03-01</subfield>
    <subfield code="h">Vol. 5, N&#xBA; 2 - mar. 1977</subfield>
    <subfield code="l">0</subfield>
    <subfield code="o">H330.43 ECO v5.n2</subfield>
    <subfield code="p">R06137</subfield>
    <subfield code="r">2026-04-10 16:07:17</subfield>
    <subfield code="w">2026-04-10</subfield>
    <subfield code="y">RN</subfield>
  </datafield>
  <datafield tag="952" ind1=" " ind2=" ">
    <subfield code="0">0</subfield>
    <subfield code="1">0</subfield>
    <subfield code="4">0</subfield>
    <subfield code="7">0</subfield>
    <subfield code="a">BCEJYS</subfield>
    <subfield code="b">BCEJYS</subfield>
    <subfield code="c">17</subfield>
    <subfield code="d">1977-01-01</subfield>
    <subfield code="h">Vol. 5, N&#xBA; 1 - ene. 1977</subfield>
    <subfield code="l">0</subfield>
    <subfield code="o">H330.43 ECO v5.n1</subfield>
    <subfield code="p">R06136</subfield>
    <subfield code="r">2026-04-10 16:07:17</subfield>
    <subfield code="w">2026-04-10</subfield>
    <subfield code="y">RN</subfield>
  </datafield>
  <datafield tag="952" ind1=" " ind2=" ">
    <subfield code="0">0</subfield>
    <subfield code="1">0</subfield>
    <subfield code="4">0</subfield>
    <subfield code="7">0</subfield>
    <subfield code="a">BCEJYS</subfield>
    <subfield code="b">BCEJYS</subfield>
    <subfield code="c">17</subfield>
    <subfield code="d">1976-11-01</subfield>
    <subfield code="h">Vol. 4, N&#xBA; 4 - nov. 1976</subfield>
    <subfield code="l">0</subfield>
    <subfield code="o">H330.43 ECO v4.n4</subfield>
    <subfield code="p">R06135</subfield>
    <subfield code="r">2026-04-10 16:07:17</subfield>
    <subfield code="w">2026-04-10</subfield>
    <subfield code="y">RN</subfield>
  </datafield>
  <datafield tag="952" ind1=" " ind2=" ">
    <subfield code="0">0</subfield>
    <subfield code="1">0</subfield>
    <subfield code="4">0</subfield>
    <subfield code="7">0</subfield>
    <subfield code="a">BCEJYS</subfield>
    <subfield code="b">BCEJYS</subfield>
    <subfield code="c">17</subfield>
    <subfield code="d">1976-08-01</subfield>
    <subfield code="h">Vol. 4, N&#xBA; 3 - ago. 1976</subfield>
    <subfield code="l">0</subfield>
    <subfield code="o">H330.43 ECO v4.n3</subfield>
    <subfield code="p">R06134</subfield>
    <subfield code="r">2026-04-10 16:07:17</subfield>
    <subfield code="w">2026-04-10</subfield>
    <subfield code="y">RN</subfield>
  </datafield>
  <datafield tag="952" ind1=" " ind2=" ">
    <subfield code="0">0</subfield>
    <subfield code="1">0</subfield>
    <subfield code="4">0</subfield>
    <subfield code="7">0</subfield>
    <subfield code="a">BCEJYS</subfield>
    <subfield code="b">BCEJYS</subfield>
    <subfield code="c">17</subfield>
    <subfield code="d">1976-05-01</subfield>
    <subfield code="h">Vol. 4, N&#xBA; 2 - may. 1976</subfield>
    <subfield code="l">0</subfield>
    <subfield code="o">H330.43 ECO v4.n2</subfield>
    <subfield code="p">R06133</subfield>
    <subfield code="r">2026-04-10 16:07:17</subfield>
    <subfield code="w">2026-04-10</subfield>
    <subfield code="y">RN</subfield>
  </datafield>
  <datafield tag="952" ind1=" " ind2=" ">
    <subfield code="0">0</subfield>
    <subfield code="1">0</subfield>
    <subfield code="4">0</subfield>
    <subfield code="7">0</subfield>
    <subfield code="a">BCEJYS</subfield>
    <subfield code="b">BCEJYS</subfield>
    <subfield code="c">17</subfield>
    <subfield code="d">1976-02-01</subfield>
    <subfield code="h">Vol. 4, N&#xBA; 1 - feb. 1976</subfield>
    <subfield code="l">0</subfield>
    <subfield code="o">H330.43 ECO v4.n1</subfield>
    <subfield code="p">R06132</subfield>
    <subfield code="r">2026-04-10 16:07:17</subfield>
    <subfield code="w">2026-04-10</subfield>
    <subfield code="y">RN</subfield>
  </datafield>
</record>
